The Management Masterclass: Great Business Ideas Without the Hype (Record no. 2141)

MARC details
005 - DATE AND TIME OF LATEST TRANSACTION
control field 20250507155617.0
020 ## - INTERNATIONAL STANDARD BOOK NUMBER
International Standard Book Number 978-0-7553-6014-7
082 ## - DEWEY DECIMAL CLASSIFICATION NUMBER
Classification number 658. 4 DEV
245 ## - TITLE STATEMENT
Title The Management Masterclass: Great Business Ideas Without the Hype
260 ## - PUBLICATION, DISTRIBUTION, ETC.
Place of publication, distribution, etc. London,
Name of publisher, distributor, etc. Headline Publishing Group,
Date of publication, distribution, etc. 2010.
300 ## - PHYSICAL DESCRIPTION
Extent 190p.: ill.; picture.
Other physical details Bibliography, index.
Dimensions 22cm.
700 ## - ADDED ENTRY--PERSONAL NAME
Other authors/Editors VITA, E. D.
856 ## - ELECTRONIC LOCATION AND ACCESS
Link text Access online book
Electronic name Management
Path www.headline.co.uk
942 ## - ADDED ENTRY ELEMENTS (KOHA)
Source of classification or shelving scheme Dewey Decimal Classification
Koha item type Books
Holdings
Date last seen Total checkouts Full call number Barcode Cost, replacement price Price effective from Koha item type Lost status Source of classification or shelving scheme Damaged status Not for loan Withdrawn status Home library Current library Shelving location Date acquired Cost, normal purchase price
05/07/2025   658. 4 DEV 0000008159 82500.00 05/07/2025 Books   Dewey Decimal Classification       College of Business Education Main Library College of Business Education Main Library General Collection 08/17/2011 27500.00
05/07/2025   658. 4 DEV 0000008293 82500.00 05/07/2025 Books   Dewey Decimal Classification       College of Business Education Main Library College of Business Education Main Library General Collection 08/17/2011 27500.00
05/07/2025   658. 4 DEV 0000008294 82500.00 05/07/2025 Books   Dewey Decimal Classification       College of Business Education Main Library College of Business Education Main Library General Collection 08/17/2011 27500.00
05/07/2025   658. 4 DEV 0000008295 82500.00 05/07/2025 Books   Dewey Decimal Classification       College of Business Education Main Library College of Business Education Main Library General Collection 08/17/2011 27500.00
05/07/2025   658. 4 DEV 0000008296 82500.00 05/07/2025 Books   Dewey Decimal Classification       College of Business Education Main Library College of Business Education Main Library General Collection 08/17/2011 27500.00